000 00443nam a2200217Ia 4500
003 IT-RoPAU
008 120407s9999 xx 000 0 und d
040 _aIT-RoPAU
040 _cIT-RoPAU
041 _aita
100 _aGirolamo Moretti
245 _aVizio, superbia, avarizia
250 _aOsimo
260 _aBarulli
260 _c1937
300 _a356 p.
300 _c19,5 cm
490 _v1
942 _cBK
999 _c33302
_d33302